The Selberg trace formula III : Inner product formulae (initial considerations)

Αποθηκεύτηκε σε:
Λεπτομέρειες βιβλιογραφικής εγγραφής
Κύριος συγγραφέας: Osborne, M. Scott
Άλλοι συγγραφείς: Warner, Garth 1940-
Μορφή: Βιβλίο
Γλώσσα:English
Δημοσίευση: Providence, R.I., U.S.A. : American Mathematical Society, c1983
Σειρά:Memoirs of the American Mathematical Society ; ; 283
Θέματα:
Ετικέτες: Προσθήκη ετικέτας
Δεν υπάρχουν, Καταχωρήστε ετικέτα πρώτοι!

MARC

LEADER 00000cam a2200000 i 4500
001 1/49680
008 941103s1983 eng d
020 |a 0821822837 
035 |l 10043674 
035 |a 1994 
040 |a GR-MY-UA  |b gre  |e aacr 
041 0 |a eng 
082 0 |a 515.9 
100 1 |a Osborne, M. Scott. 
245 1 4 |a The Selberg trace formula III :  |b Inner product formulae (initial considerations) /  |c M. Scott Osborne and Garth Warner 
260 |a Providence, R.I., U.S.A. :   |b American Mathematical Society,   |c c1983 
300 |a iv, 214 p.;  |c 26 cm 
490 1 |a Memoirs of the American Mathematical Society  |v ; 283 
650 0 0 |a Selberg trace formula. 
650 0 0 |a Eisenstein series. 
650 0 0 |a Automorphic forms. 
700 1 |a Warner, Garth  |d 1940- 
830 0 |a Memoirs of the American Mathematical Society ;  |v ; 283 
852 |a INST  |b SAMOS  |e 19941103  |h 515.9 OSB  |p 005300009600  |q 005300009600  |t BK  |y 0 
909 |a Σ  |b 033648